000
00344 a2200157 4500
001
62564
020
_a
9781424029358
040
_c
Anchieta - Pituba
100
_a
Douglas, Nancy
240
1
0
_a
Reading explorer 3
_l
Ing
245
1
0
_a
Reading explorer 3
300
_a
192
362
0
_a
2010
650
4
_a
Inglês e inglês antigo
942
_c
BK
999
_c
62564
_d
62564